| 000 | 01044nam a2200277Ia 4500 | ||
|---|---|---|---|
| 003 | OSt | ||
| 005 | 20221005110625.0 | ||
| 006 | a|||||r|||| 00| 0 | ||
| 007 | ta | ||
| 008 | 221004b |||||||| |||| 00| 0 hin d | ||
| 020 |
_a9788126330317 (hbk) _cINR 350.00 |
||
| 024 | _a36997 | ||
| 037 |
_bBW/1688, 15/03/2018, Bookwell _cTextual |
||
| 040 |
_aCRL _cCRL _bhin |
||
| 041 |
_2hin _ahin |
||
| 082 | _aO15,1A1:g, 152P3;Q1 | ||
| 100 | _aराय, कुबेरपनाथ, ले. | ||
| 245 | 0 | _aरामायण महातीर्थम | |
| 246 | _aRāmāyaṇ mahātīrthama | ||
| 260 |
_aनई दिल्ली _bभारतीय ज्ञानपीठ भारत _c2011 |
||
| 300 |
_a351पृ0 _ccm. |
||
| 490 | _aलोकोदय ग्रन्थमाला; ग्रन्थांक 666 | ||
| 650 | _aरामायण | ||
| 942 |
_hO15,1A1:g, 152P3;Q1 _cTEXL _2cc |
||
| 999 |
_c1019378 _d1019378 |
||